000 01039nam a2200265Ia 4500
003 OSt
005 20221005111438.0
006 a|||||r|||| 00| 0
007 ta
008 221004b |||||||| |||| 00| 0 hin d
020 _a8170556112 (hbk)
_c150
024 _a96711
037 _b565, 23/03/2009, Vani Prakashan
_cTextual
040 _aCRL
_cCRL
_bhin
041 _2hin
_ahin
082 _aO152,1:g(S:55), N8
100 _aघोरपड़े, पद्मजा
245 0 _aस्वातं×योत्तर हिंदी कविता में प्रणय - चित्रण
246 _aSvātan×yottar hiandī kavitā mean praṇaya - chitraṇa
260 _aनई दिल्ली
_bवाणी प्रकाशन भारत
_c1998
300 _a159पृ0
_ccm.
650 _aहिन्दी साहित्य
942 _hO152,1:g(S:55), N8
_cTEXL
_2cc
999 _c1021854
_d1021854